000 00448nam a22001817a 4500
003 koha_MIRAKIL
005 20231213100006.0
008 231213b |||||||| |||| 00| 0 ||| d
020 _b978-9-75631618-4
040 _aTR-IsEVY
_btur
_cTR-IsEVY
082 _a808.06831 UÇU/M
100 _aUçuk, Cahit.
245 0 _aMavi ok
250 _a2. bs.
260 _bBilge Kültür Sanat Yayınları,
_c2011
300 _a259 s.
942 _2ddc
_cBK
999 _c12760
_d12760